Efektívnosť cezhraničného internetového obchodu bakalárska práca

Enregistré dans:
Détails bibliographiques
Auteur principal: Harbi, Kristián
Collectivité auteur: Obchodná fakulta EU. Katedra informatiky obchodných firiem
Autres auteurs: Hlavatý, Ivan, 1978-
Format: Livre
Langue:slovaque
Publié: Bratislava 2017
Tags: Ajouter un tag
Pas de tags, Soyez le premier à ajouter un tag!

MARC

LEADER 00000nbm a2200000 4500
001 0232877
005 20171003101022.4
041 0 |a slo 
044 |a SK 
245 1 0 |a Efektívnosť cezhraničného internetového obchodu  |b bakalárska práca  |c Kristián Harbi ; školiteľ: Ivan Hlavatý 
264 1 |a Bratislava  |c 2017 
300 |a 50 s. 
100 1 |a Harbi, Kristián 
700 1 |a Hlavatý, Ivan, 1978- 
710 2 |a Obchodná fakulta EU. Katedra informatiky obchodných firiem